IFM Opac

The Autobiography of Fenner Brockway Towards Tomorrow (Record no. 18357)

MARC details
000 -LEADER
fixed length control field 00462nam a22001457a 4500
020 ## - INTERNATIONAL STANDARD BOOK NUMBER
International Standard Book Number 0246 10847 9
082 ## - DEWEY DECIMAL CLASSIFICATION NUMBER
Classification number 941.082 092 4 BRO
100 ## - MAIN ENTRY--PERSONAL NAME
Personal name The Autobiography of Fenner Brockway Towards Tomorrow
245 ## - TITLE STATEMENT
Title The Autobiography of Fenner Brockway Towards Tomorrow
260 ## - PUBLICATION, DISTRIBUTION, ETC.
Place of publication, distribution, etc. London
Name of publisher, distributor, etc. Hart-Davis, MacGibbon
Date of publication, distribution, etc. 1977
300 ## - PHYSICAL DESCRIPTION
Extent 280Pg
Other physical details ill, 24cm
500 ## - GENERAL NOTE
General note Include Index
650 ## - SUBJECT ADDED ENTRY--TOPICAL TERM
Topical term or geographic name entry element The Autobiography of Fenner Brockway Towards Tomorrow
942 ## - ADDED ENTRY ELEMENTS (KOHA)
Koha item type Books
Holdings
Withdrawn status Lost status Source of classification or shelving scheme Damaged status Not for loan Home library Current library Shelving location Date acquired Full call number Barcode Date last seen Price effective from Koha item type
    Dewey Decimal Classification     IFM Main Campus Library IFM Main Campus Library   08/15/2017 941.082 092 4 BRO 0000011158 08/15/2017 08/15/2017 Books